[Event "CRO-ch U19"]
[Site "Split"]
[Date "2024.07.25"]
[Round "6"]
[White "Jakrlin, Antonio"]
[Black "Damjanovic, Stjepan"]
[Result "0-1"]
[WhiteElo "1828"]
[BlackElo "2156"]
[PlyCount "84"]
[EventDate "2024.07.22"]
[EventType "swiss"]
[EventRounds "9"]
[EventCountry "CRO"]
[SourceTitle "CBM 221 Extra"]
[Source "ChessBase"]
[SourceDate "2024.09.30"]
[SourceVersion "1"]
[SourceVersionDate "2024.09.30"]
[SourceQuality "1"]

1. e4 c5 2. Nf3 Nc6 3. d4 cxd4 4. Nxd4 g6 5. Nc3 Bg7 6. Be3 Nf6 7. Bc4 0-0 8. 0-0 Nxe4 9. Nxe4 d5 10. Nxc6 bxc6 11. Nc3 dxc4 12. Bc5 Rb8 13. Qxd8 Rxd8 14. Bxe7 Rd2 15. Rad1 Rxd1 16. Rxd1 Bf5 17. Ba3 Bxc2 18. Rd2 Bd3 19. g4 Re8 20. Bc5 Re1+ 21. Kg2 a6 22. Be3 Be5 23. h4 f5 24. gxf5 gxf5 25. Nd1 Bf1+ 26. Kf3 Bh3 27. Rd8+ Kf7 28. Nc3 h5 29. Ra8 Bg4+ 30. Kg2 f4 31. Ra7+ Ke6 32. f3 Rxe3 33. fxg4 hxg4 34. Rxa6 f3+ 35. Kf1 Bg3 36. Rxc6+ Kd7 37. Rc7+ Bxc7 38. Nd5 Rd3 39. Nf6+ Ke6 40. Nxg4 Bg3 41. Ne3 Rxe3 42. h5 Re1# 0-1

[Event "CRO-ch U15"]
[Site "Trogir"]
[Date "2020.08.28"]
[Round "7"]
[White "Jakrlin, Antonio"]
[Black "Friedrich, Josip"]
[Result "0-1"]
[WhiteElo "1281"]
[BlackElo "1293"]
[PlyCount "56"]
[EventDate "2020.08.24"]
[EventType "swiss"]
[EventRounds "9"]
[EventCountry "CRO"]
[SourceTitle "CBM 198 Extra"]
[Source "ChessBase"]
[SourceDate "2020.11.30"]
[SourceVersion "1"]
[SourceVersionDate "2020.11.30"]
[SourceQuality "1"]

1. d4 Nf6 2. Nf3 d5 3. g3 Bf5 4. Bg2 e6 5. 0-0 Be7 6. b3 0-0 7. Bb2 h6 8. Nbd2 Nbd7 9. Re1 c5 10. Rc1 b5 11. dxc5 Bxc5 12. Ne5 Nxe5 13. Bxe5 Ng4 14. Nf3 Bxf2+ 15. Kf1 Ne3+ 16. Kxf2 Nxd1+ 17. Rexd1 Qa5 18. Nd4 Bg6 19. Kf1 f6 20. Bd6 Rfe8 21. Nxe6 Rxe6 22. Bxd5 Rae8 23. c4 Qxa2 24. c5 Qxe2+ 25. Kg1 Qe3+ 26. Kf1 Bf5 27. c6 Bh3+ 28. Bg2 Qe2+ 0-1

[Event "CRO-ch U15"]
[Site "Trogir"]
[Date "2020.08.28"]
[Round "8"]
[White "Sedlacek, Dorijan"]
[Black "Jakrlin, Antonio"]
[Result "0-1"]
[WhiteElo "1262"]
[BlackElo "1281"]
[PlyCount "48"]
[EventDate "2020.08.24"]
[EventType "swiss"]
[EventRounds "9"]
[EventCountry "CRO"]
[SourceTitle "CBM 198 Extra"]
[Source "ChessBase"]
[SourceDate "2020.11.30"]
[SourceVersion "1"]
[SourceVersionDate "2020.11.30"]
[SourceQuality "1"]

1. e4 c6 2. d4 d5 3. Nc3 dxe4 4. Nxe4 Nf6 5. Nxf6+ exf6 6. Nf3 Bd6 7. c3 0-0 8. Bc4 Re8+ 9. Be3 Nd7 10. Qb3 Re7 11. 0-0-0 b5 12. Bd3 a5 13. Nh4 Nf8 14. Qc2 Rb7 15. Be4 Qc7 16. d5 c5 17. Nf5 Bxf5 18. Bxf5 c4 19. h4 g6 20. Be4 b4 21. Qd2 Rab8 22. Bd4 Rb5 23. Bxf6 Bf4 24. Kb1 Bxd2 0-1

[Event "CRO-ch U15"]
[Site "Trogir"]
[Date "2020.08.24"]
[Round "1"]
[White "Jakrlin, Antonio"]
[Black "Martic, Filip"]
[Result "0-1"]
[WhiteElo "1281"]
[BlackElo "1631"]
[PlyCount "64"]
[EventDate "2020.08.24"]
[EventType "swiss"]
[EventRounds "9"]
[EventCountry "CRO"]
[SourceTitle "CBM 198 Extra"]
[Source "ChessBase"]
[SourceDate "2020.11.30"]
[SourceVersion "1"]
[SourceVersionDate "2020.11.30"]
[SourceQuality "1"]

1. d4 Nf6 2. Nf3 g6 3. g3 Bg7 4. Bg2 0-0 5. 0-0 d6 6. b3 c5 7. e3 Bg4 8. Nbd2 cxd4 9. exd4 e5 10. h3 Bxf3 11. Bxf3 Qd7 12. Ne4 Nxe4 13. Bxe4 d5 14. Bg2 exd4 15. Rb1 Nc6 16. Qf3 Rad8 17. Re1 Nb4 18. a3 Nxc2 19. Re2 Qc6 20. Qd3 Rc8 21. Bb2 Rfe8 22. Rxe8+ Rxe8 23. Bxd5 Qxd5 24. Qxc2 d3 25. Qd2 Re2 26. Qc1 Bxb2 27. Rxb2 Rxb2 28. Qc8+ Kg7 29. Qc3+ f6 30. Qc7+ Qf7 31. Qc1 d2 32. Qd1 Qxb3 0-1